Popol všetkých zarovná

Bibliographic Details
Main Author: Dán, Dominik, 1955- (Author)
Format: Book
Language:Slovak
PhysicalDescription:403 s. 21 cm
Published: Bratislava Slovart 2005
ISBN:8071452777
Edition:[1. vyd.]
Series:Denník dobrého detektíva
Subjects:

MARC

LEADER 00000cam a2200000 a 4500
001 vtls008184404
003 SK-MaSNL
005 20260302074045.0
008 240123s2005 xo g 000 f slo
015 |a SNBA2006/03-01735 
020 |a 8071452777  |q (viaz.) 
035 |a urn:nbn:sk:snk-am00a34c 
035 |a urn:nbn:sk:snk-am3h7kn 
035 |a B7B7B0E6-2855-47F3-A68A-08ADDDE099B3 
040 |a SNK  |b slo  |c SNK  |e AACR2 
041 0 |a slo 
044 |a xo  |c SK 
072 7 |a 821.162.4-3  |x Slovenská próza  |2 konspekt 
080 |a (0:82-312.4)  |2 2001 
080 |a 821.162.4-31  |2 2001 
100 1 |a Dán, Dominik,  |d 1955-  |4 aut  |9 92276 
245 1 0 |a Popol všetkých zarovná  |c Dominik Dán 
250 |a [1. vyd.] 
260 |a Bratislava  |b Slovart  |c 2005 
300 |a 403 s.  |c 21 cm 
490 1 |a Denník dobrého detektíva 
655 7 |a slovenské romány  |2 SNKPH  |9 70324 
655 7 |a detektívne romány  |2 SNKPH  |9 70455 
655 7 |a Slovak fiction  |2 SNKPHeng  |9 277096 
655 7 |a Detective novels  |2 SNKPHeng  |9 121444 
830 0 |a Denník dobrého detektíva  |9 326555 
919 |a 80-7145-277-7 
968 |d 821 
999 |c 1163476  |d 1165406 
952 |a SNK  |b SNK  |y PREZ  |7 0  |p 17A0479512  |o snkSC 120712  |i snk2005/12289  |8 0  |0 0  |1 0  |4 0  |d 2005-07-14  |f 1  |l 0  |r 2025-05-30 00:00:00  |w 2026-02-24 
952 |a SNK  |b SNK  |y PREZ  |7 0  |p 17A0479511  |o snkSC 120712 D1  |i snk2005/12290  |8 0  |0 0  |1 0  |4 0  |d 2005-07-14  |l 0  |r 2026-02-24 20:40:30  |w 2026-02-24